000
00221 a2200097 4500
001
55363
100
_a
245
_a
Great groung meat recipes
260
_a
Colombia
_b
Trident Press
_c
2000
090
_c
34347
_d
34347
942
_a
NUST-CAE
_c
MONOGRAPH
_c
27055
999
_c
290436
_d
290436